000 00668nam a2200277Ia 4500
005 20260324124619.0
008 008 260324s9999 xx 000 0 eng d
020 _a9781315431895
037 _aEBOOK
040 _aCRL
040 _beng
040 _cCRL
041 _2eng
041 _aeng
084 _qCRL
100 _aD Lynn McRainey; John Russick
_91174835
245 0 _aConnecting Kids to History with Museum Exhibitions
260 _bTaylor and Francis
260 _c2010
365 _a
365 _b255
856 _uhttp://www.taylorfrancis.com/books/9781315431895
942 _cEBOOK
999 _c1769359
_d1769359